| 000 | 00499nam a22001937a 4500 | ||
|---|---|---|---|
| 003 | OSt | ||
| 005 | 20140310181716.0 | ||
| 008 | 121219t xxu||||| |||| 00| 0 eng d | ||
| 020 | _a9712712427 | ||
| 050 |
_aQA 401 _b.L477 1995 |
||
| 082 |
_aFIL 510.7 _bL46 1995 |
||
| 100 | _aLee, Queena | ||
| 245 |
_aEureka! : thoughts on math / _cQueena Lee. |
||
| 260 |
_aManila,Philippines: _bAnvil, _cc1995. |
||
| 300 |
_a211 p. : _bill. ; _c 22 cm. |
||
| 562 | _e1 | ||
| 942 |
_2lcc _cBK |
||
| 999 |
_c1760 _d1760 |
||